000
00401nam a2200145Ia 4500
008
100204s9999 xx 000 0 und d
082
_b
9848
100
_a
गस्ती भीमराव
245
_a
बेरड
260
_b
"पारख प्रकाशन , बेळगांव"
_c
1987
300
_a
330
630
_a
बेरड
730
_a
बेरड
942
_c
BOOK
999
_c
454284
_d
454281